Steven Soderbergh Filmography - Statistics

General Stats
  • This quiz has been taken 28 times
    15 since last reset
  • The average score is 102 of 187
Answer Stats
Type Year Name % Correct
Film Director 2000 Traffic
100%
Film Cinematography 2000 Traffic
100%
Film Director 2025 Black Bag
89%
Film Cinematography 2025 Black Bag
89%
Film Editor 2025 Black Bag
89%
Film Director 2000 Erin Brockovich
89%
Film Director 2001 Ocean's Eleven
89%
Film Cameo 2001 Ocean's Eleven
89%
Film Director 2007 Ocean's Thirteen
89%
Film Cinematography 2007 Ocean's Thirteen
89%
Film Director 2004 Ocean's Twelve
89%
Film Director 2024 Presence
89%
Film Editor 2024 Presence
89%
Film Cinematography 2024 Presence
89%
Film Director 1989 Sex, Lies and Videotape
89%
Film Screenplay 1989 Sex, Lies and Videotape
89%
Film Editor 1989 Sex, Lies and Videotape
89%
Film Director 2005 Bubble
78%
Film Editor 2005 Bubble
78%
Film Cinematography 2005 Bubble
78%
Film Director 2019 High Flying Bird
78%
Film Editor 2019 High Flying Bird
78%
Film Cinematography 2019 High Flying Bird
78%
Film Director 2009 The Informant!
78%
Film Cinematography 2009 The Informant!
78%
Film Director 2013 Behind the Candelabra
67%
Film Editor 2013 Behind the Candelabra
67%
Film Director 2008 Che: Part One
67%
Film Cinematography 2008 Che: Part One
67%
Film Director 2008 Che: Part Two
67%
Film Cinematography 2008 Che: Part Two
67%
Film Director 2011 Contagion
67%
Film Cameo 2011 Contagion
67%
Film Director 2011 Haywire
67%
Film Editor 2011 Haywire
67%
Film Director 1991 Kafka
67%
Film Editor 1991 Kafka
67%
Film Director 2022 Kimi
67%
Film Editor 2022 Kimi
67%
Film Cinematography 2022 Kimi
67%
Film Director 1993 King of the Hill
67%
Film Screenplay 1993 King of the Hill
67%
Film Editor 1993 King of the Hill
67%
Film Director 2020 Let Them All Talk
67%
Film Editor 2020 Let Them All Talk
67%
Film Cinematography 2020 Let Them All Talk
67%
Film Director 2012 Magic Mike
67%
Film Editor 2012 Magic Mike
67%
Film Production 2015 Magic Mike XXL
67%
Film Editor 2015 Magic Mike XXL
67%
Film Director 1998 Out of Sight
67%
Film Director 1996 Schizopolis
67%
Film Screenplay 1996 Schizopolis
67%
Film Cinematography 1996 Schizopolis
67%
Film Acting Role 1996 Schizopolis
67%
Film Director 2025 The Christophers
67%
Film Director 2006 The Good German
67%
Film Editor 2006 The Good German
67%
Film Cinematography 2006 The Good German
67%
Documentary Production 2017 The King
67%
Film Director 2019 The Laundromat
67%
Film Editor 2019 The Laundromat
67%
Film Cinematography 2019 The Laundromat
67%
Film Director 1999 The Limey
67%
Film Director 1995 The Underneath
67%
Film Screenplay 1995 The Underneath
67%
Film Director 2018 Unsane
67%
Film Editor 2018 Unsane
67%
Documentary Director 2010 And Everything Is Going Fine
56%
Short Film Director 2006 Building No. 7
56%
Short Film Screenplay 2006 Building No. 7
56%
Short Film Editor 2006 Building No. 7
56%
Short Film Cinematography 2006 Building No. 7
56%
Web Mini-Series Director 2023 Command Z
56%
Web Mini-Series Cinematography 2023 Command Z
56%
Film Director 2004 Eros
56%
Film Screenplay 2004 Eros
56%
Film Editor 2004 Eros
56%
Film Cinematography 2004 Eros
56%
Web Mini-Series Director 2023 Full Circle
56%
Web Mini-Series Production 2023 Full Circle
56%
Web Mini-Series Editor 2023 Full Circle
56%
Web Mini-Series Cinematography 2023 Full Circle
56%
Film Director 2002 Full Frontal
56%
Film Cameo 2002 Full Frontal
56%
Film Director 1996 Gray's Anatomy
56%
Film Director 2017 Logan Lucky
56%
Film Editor 2017 Logan Lucky
56%
Film Director 2023 Magic Mike's Last Dance
56%
Film Editor 2023 Magic Mike's Last Dance
56%
TV Show Director 2018 Mosaic
56%
TV Show Production 2018 Mosaic
56%
TV Show Editor 2018 Mosaic
56%
Film Director 2021 No Sudden Move
56%
Film Editor 2021 No Sudden Move
56%
Film Director 2013 Side Effects
56%
Film Editor 2013 Side Effects
56%
Film Director 2002 Solaris
56%
Film Screenplay 2002 Solaris
56%
Film Editor 2002 Solaris
56%
Film Cinematography 2002 Solaris
56%
Film Director 2009 The Girlfriend Experience
56%
Film Editor 2009 The Girlfriend Experience
56%
Film Cinematography 2009 The Girlfriend Experience
56%
TV Show Production 2016-2021 The Girlfriend Experience
56%
Short Film Director 1987 Winston
56%
Short Film Screenplay 1987 Winston
56%
Short Film Director 2019 Your Life as a Spy
56%
Film Production 2004 Able Edwards
44%
Film Production 2006 A Scanner Darkly
44%
Film Production 2019 Beats
44%
Film Production 2020 Bill & Ted Face the Music
44%
Documentary Production 2014 Citizenfour
44%
Film Production 2002 Confessions of a Dangerous Mind
44%
Film Screenplay 2004 Criminal
44%
Film Production 2004 Criminal
44%
Film Production 2014 Da Sweet Blood of Jesus
44%
Film Production 2023 Divinity
44%
Film Production 2002 Far from Heaven
44%
Web Mini-Series Production 2017 Godless
44%
Film Production 2005 Good Night, and Good Luck.
44%
TV Documentary Production 2011 His Way
44%
Film Production 2007 I'm Not There
44%
Documentary Production 2022 Is That Black Enough for You?!?
44%
Film Production 2004 Keane
44%
TV Show Director 2003 K Street
44%
TV Show Production 2003 K Street
44%
TV Show Editor 2003 K Street
44%
TV Show Cinematography 2003 K Street
44%
TV Show Production 2019 Leavenworth
44%
Film Production 2007 Michael Clayton
44%
Documentary Production 2002 Naqoyqatsi
44%
Film Screenplay 1997 Nightwatch
44%
TV Show Production 2019 Now Apocalypse
44%
Film Production 2018 Ocean's Eight
44%
Film Production 2022 Once Within a Time
44%
Film Production 2018 Perfect
44%
Documentary Production 2009 Playground
44%
Film Production 1998 Pleasantville
44%
Film Production 2006 Pu-239
44%
Film Production 2010 Rebecca H. (Return to the Dogs)
44%
Web Series Production 2014-2017 Red Oaks
44%
Documentary Production 2012 Roman Polanski: Odd Man Out
44%
Film Production 2005 Rumor Has It...
44%
Film Production 2009 Solitary Man
44%
Film Production 1993 Suture
44%
Documentary Production 2005 Symbiopsychotaxiplasm: Take 2 1/2
44%
Film Production 2005 Syriana
44%
TV Special Production 2021 The 93rd Academy Awards
44%
Short Film Production 2005 The Big Empty
44%
Film Production 1996 The Daytrippers
44%
Documentary Production 2022 The Exiles
44%
Film Production 2005 The Jacket
44%
TV Show Director 2014-2015 The Knick
44%
TV Show Production 2014-2015 The Knick
44%
TV Show Editor 2014-2015 The Knick
44%
Film Production 2019 The Report
44%
Documentary Production 2001 Tribute
44%
TV Show Production 2005 Unscripted
44%
Film Production 2002 Welcome to Collinwood
44%
Documentary Production 2001 Who Is Bernard Tapie?
44%
Film Production 2007 Wind Chill
44%
Web Mini-Series Production 2020 Wireless
44%
Film Production 2023 Accidentally Brave
33%
Short Documentary Director 2012 An Amazing Time: A Conversation About End of the Road
33%
TV Show Director 1993, 1995 Fallen Angels
33%
Web Series Production 2021 Finding Magic Mike
33%
Film Production 2002 Insomnia
33%
Film Production 2025 Love, Brooklyn
33%
Documentary Production 2024 Memories of Love Returned
33%
Documentary Production 2008 Roman Polanski: Wanted and Desired
33%
Film Production 2023 The Quiet Maid
33%
Film Director 2011 We Need to Talk About Kevin
33%
Documentary Production TBA Dad Strangelove
22%
Music Video Director 1983 Hold On
22%
Film Director 2011 The Last Time I Saw Michael Gregg
22%
Film Editor 2011 The Last Time I Saw Michael Gregg
22%
Film Cameo 2011 The Last Time I Saw Michael Gregg
22%
Documentary Director 1985 Yes: 9012 Live
22%
Documentary Editor 1985 Yes: 9012 Live
22%
Documentary Series Appearance 2009 60 Minutes
11%
TV Show Editor 1980-1981 Games People Play
11%
Documentary Series Appearance 2003 Intimate Portrait
11%
Film Cameo 2001 Waking Life
11%
Film Director 1996 Geniuses
0%
Stage Production 2023 The Fears
0%
Stage Director 2014 The Library
0%
No matching quizzes found
Score Distribution
Percent of People with Each Score
Percentile by Number Answered
Your Score History
You have not taken this quiz since the last reset